000 00801nab a2200241 4500
999 _c26974
_d26974
001 26974
003 AR-RoBPED
005 20210803113231.0
008 210726s2020 ag ||||| |||| 00| 0 spa d
040 _aAR-RoBPED
041 _aspa
245 1 0 _aTejiendo historias en la Biblioteca "Mafalda"
300 _a56-58 p.
650 4 _9304
_aPROYECTOS
650 4 _925148
_aPROYECTOS DE LECTURA
700 1 _925149
_aMiracola, María Aurelia
700 1 _925150
_aOviedo, Valeria
700 1 _925151
_aGalst, Gabriela
700 1 _925152
_aSacks, Margarita
773 0 _020414
_935593
_dBuenos Aires : Noveduc, 1993-
_tNovedades Educativas
_w(AR-RoBPED)20414
_x03283534
942 _2udc
_cREV
_h37(05)
_mNov 86 N° 348-349 (Dic. 2019/Ene. 2020)
_ak.26974
945 _aGVB 26/07/2021 mar 02/08/2021